000 00440nam a2200181Ia 4500
005 20250603145513.0
008 250603s9999 xx 000 0 und d
020 _a9789386372710
050 _aTN 870.5 .C43/
100 _aChaudhary, Deepak
245 0 _aPetroleum and geochemistry of oil and gas
260 _aNew Delhi
260 _bRandom Publications
260 _c2018
300 _a300 p
650 _aNew Delhi
942 _cBK
999 _c42050
_d42050